Регионална библиотека "Любен Каравелов" - Русе

Юноша (Запис номер 87660)

MARC детайли
000 -Лидер
Контролно поле с фиксирана дължина 01674nam a2200361 c 4500
003 - Код на организацията, давaща контролен номер
Контролно поле BLK
005 - Дата и час на последна редакция
Контролно поле 20231221005250.0
008 - Елементи от данни с фиксирана дължина
fixed length control field 180408b bul|||||r ||||||| ||bul||
010 ## - Наследен системен номер
LC control number KNG00092312000
040 ## - Източник на каталожния запис
Идентификатор на билиотеката - собственик на записа BLK
041 ## - Код за език
Код за езика на текст/звукозапис или на отделно заглавие Български
Код за езика КДБФ Български
080 ## - УДК
Текстов определител УДК Руска литература
УДК код - определител по УДК 821.161.1
УДК определител -31
УДК - код + определител 821.161.1-31
100 1# - Редна дума - Автор
Автор Достоевски, Фьодор Михайлович
Дати, свързани с автора 1821-1881
Авторска отговорност първи автор
R(LIN) 64791
139 ## - Редно поле
Редна дума Достоевски, Фьодор Михайлович
Авторски знак Дост - Д 82
245 10 - Сведения за заглавието
Заглавие Юноша
Подзаглавни данни Т. 1 - 2
Редно поле (дума) Фьодор Михайлович Достоевски; прев. от рус. Рачо Георгиев Стоянов; предг. от Пьотър Михайлович Бицилли.
Том Т. 1. Ч. 1 - 2
257 ## - Страна на издаване
Страна на създаване/издаване Русия
260 ## - Област на издателските данни
Име на издателя, разпространителя и проч. Иван Г. Игнатов и синове
Година на издаване 1927 - 1928
300 ## - Физическа характеристика
Размери/Мащаб 21 см
380 ## - Жанр
Жанр Худож. лит.
490 ## - СЕРИИ (Колекции)
Име на серия Бисери от знаменити романи на всемирната литература
№: серия 11
9 (RLIN) 204442
500 ## - Общи забележки
Забележка Без сведение за ориг. загл. ; Ориг. загл. Подросток / Ф. М. Достоевский.
653 ## - Ключова дума – ненормативна
Ключова дума романи
700 1# - Други автори (авторска отговорност)
Лично име Стоянов, Рачо Георгиев
Автороска отговорност (Описва отношението между автора и произведението) прев. от рус.
9 (RLIN) 365735
700 1# - Други автори (авторска отговорност)
Лично име Бицилли, Пьотър Михайлович
Автороска отговорност (Описва отношението между автора и произведението) предг. от
9 (RLIN) 364528
760 1# - Описание на основната серия
Редна дума на основното описание Достоевски, Фьодор Михайлович
Място на издаване, издател и година 1927
Страници - том 344 с.
Заглавие Т. 1. Ч. 1 - 2
852 ## - Местоположение
Форматна сигнатура Цб 245859
856 4# - Електронен адрес и достъп
Електронен формат pdf - файл
856 4# - Електронен адрес и достъп
Електронен формат pdf - файл
999 ## - СИСТЕМНИ КОНТРОЛНИ НОМЕРА
Koha biblionumber 87660
Koha biblioitemnumber 87660
942 ## - АРТИКУЛИ
Вид на библиотечния материал Книги
Скрит в OPAC Не
Периодичен библиозапис Да
944 ## - СЪЗДАВАНЕ И РЕДАКЦИЯ на ЗАПИСА
Създаване/Редакция Създаване
Дата на регистрацията/редакция 29.10.2009
Служител, извършил регистрацията/редакцията
Статус, дата на статуса CRON CRON
944 ## - СЪЗДАВАНЕ И РЕДАКЦИЯ на ЗАПИСА
Създаване/Редакция Редакция
Дата на регистрацията/редакция 08.02.2010
999 ## - СИСТЕМНИ КОНТРОЛНИ НОМЕРА
Koha biblioitemnumber 87660
Наличности
Код за отписване Код за изгубен артикул Код за повреда Коз за рестрикции Код за отдаване Артикулен № Име на библиотеката - собственик Име на библиотеката, в която се намира в момента Статус (Текущо местоположение) Дата на вписване в системата Местоположение - отдел Цена в лева Инвентарен номер Систематично азбучна сигнатура Баркод Номер на екземпляра Цена в евро Служебна бележка Служебен тип на артикула Източник на класификационната схема
  Не е изгубен Не е повреден без рестрикции ползва се в читалня 142054 Регионална библиотека "Любен Каравелов" Русе Регионална библиотека "Любен Каравелов" Русе Хранилище 2009-10-27 Основен фонд - ползва се само за читалня 25.00 120000739416 Цб 245859 120000739416 1 12.78 Дост: DA Вид: А N: 14 Дата: 27.10.2009 Книги  
  Не е изгубен Не е повреден само за читалня ползва се в читалня 846816 Регионална библиотека "Любен Каравелов" Русе Регионална библиотека "Любен Каравелов" Русе Хранилище 2021-08-05 Основен фонд - ползва се само за читалня 0.27 2786-І-а Цб 8.205.2786 900000072302   0.14   Книги Universal Decimal Classification
Vip Innovations Ltd, Rousse, Bulgaria 2025